Trh začína usmerňovať roztrieštenosť názorov na budúcnosť vedy a techniky na Slovensku

Problémy aplikovaného výskumu SR v r.1989-1994, kedy výdavky na 1 pracovníka klesli na tretinu a nedosahujú ani 2 perc. HDP. Pripravený rezortný návrh (po 4 rokoch) koncepcie vednej a technickej politiky SR, stručný obsah. Inovácia výroby výrobných podnikov a vývoj výrobkov ich zmluvami s výskumnými...

Descripción completa

Guardado en:
Detalles Bibliográficos
Autor principal: Lajčiaková, D.
Otros Autores: Gossányi, Vojtech
Formato: Capítulo de libro
Lenguaje:eslovaco
Materias:
Etiquetas: Agregar Etiqueta
Sin Etiquetas, Sea el primero en etiquetar este registro!

MARC

LEADER 00000naa a2200000 4500
001 r015529
005 20221205091402.9
041 0 |a slo 
044 |a SK 
245 1 0 |a Trh začína usmerňovať roztrieštenosť názorov na budúcnosť vedy a techniky na Slovensku  |c D. Lajčiaková, Vojtech Gossányi 
520 |a Problémy aplikovaného výskumu SR v r.1989-1994, kedy výdavky na 1 pracovníka klesli na tretinu a nedosahujú ani 2 perc. HDP. Pripravený rezortný návrh (po 4 rokoch) koncepcie vednej a technickej politiky SR, stručný obsah. Inovácia výroby výrobných podnikov a vývoj výrobkov ich zmluvami s výskumnými pracoviskami ústavov a vysokých škôl. Privatizácia výskumných ústavov na príklade VÚIS, š.p. Bratislava a VÚKI, a.s. Bratislava. 
610 2 0 |a veda 
610 2 0 |a rozvoj technický 
610 2 0 |a výskum vedecký 
610 2 0 |a výskum vedeckotechnický 
610 2 0 |a výskum aplikovaný 
610 2 0 |a Slovensko 
610 2 0 |a politika vedeckotechnická 
610 2 0 |a Slovensko 
610 2 0 |a VÚIS, š.p. Bratislava 
610 2 0 |a VÚKI, a.s. Bratislava 
610 2 0 |a školy vysoké 
610 2 0 |a koncepcie 
610 2 0 |a 1989-1994 
100 1 |a Lajčiaková, D. 
700 1 |a Gossányi, Vojtech